[Event "Zbaszyn-ch"]
[Site "Zbaszyn"]
[Date "2010.02.06"]
[Round "1.1"]
[White "Gozdziewicz, Robert"]
[Black "Drozdzynski, Daniel"]
[Result "1-0"]
[WhiteElo "2008"]
[BlackElo "1946"]
[PlyCount "95"]
[EventDate "2010.02.06"]
[EventType "tourn"]
[EventRounds "7"]
[EventCountry "POL"]
[SourceTitle "EXT 2023"]
[Source "ChessBase"]
[SourceDate "2022.10.05"]
[SourceVersion "1"]
[SourceVersionDate "2022.10.05"]
[SourceQuality "1"]

1. e4 c6 2. d4 d5 3. e5 e6 4. Nf3 c5 5. c3 Nc6 6. Be2 Bd7 7. 0-0 Qb6 8. Na3 cxd4 9. cxd4 Bxa3 10. bxa3 Nge7 11. Be3 Nf5 12. Rb1 Qc7 13. Bd3 Nxe3 14. fxe3 h6 15. Nh4 b6 16. Qg4 g5 17. Nf3 0-0-0 18. Rbc1 Kb8 19. e4 Qb7 20. exd5 exd5 21. Qg3 Be6 22. Rc3 Rc8 23. Rfc1 Na5 24. Qe1 Rxc3 25. Rxc3 Rc8 26. Qc1 Rxc3 27. Qxc3 Qc6 28. Qxc6 Nxc6 29. h3 Kc7 30. Kf2 Kd8 31. Bb5 Na5 32. h4 Bg4 33. hxg5 Bxf3 34. Kxf3 hxg5 35. Kg4 Ke7 36. Kxg5 Ke6 37. g4 Nc4 38. a4 Nb2 39. Kf4 a6 40. Bxa6 Nxa4 41. a3 Nc3 42. Bd3 Nd1 43. Bc2 Nf2 44. Kg3 Ne4+ 45. Bxe4 dxe4 46. Kf4 Kd5 47. Ke3 b5 48. g5 1-0